| 000 | 00398nam a22001697a 4500 | ||
|---|---|---|---|
| 005 | 20160530114140.0 | ||
| 008 | 160530b xxu||||| |||| 00| 0 eng d | ||
| 020 | _a81-7929-097-2 | ||
| 041 | _aeng | ||
| 082 | _b6031 | ||
| 100 |
_aRowson, Paulina _91425 |
||
| 245 | _aEffective Telemarketing | ||
| 260 |
_aNew Delhi _bInfinity books, |
||
| 300 | _a96 | ||
| 650 |
_aManagement _9241 |
||
| 942 | _cBK | ||
| 999 |
_c2129 _d2128 |
||